|
|
|
|
| LEADER |
00000cam a2200000 7i4500 |
| 001 |
0000091845 |
| 005 |
20230711092248.0 |
| 020 |
|
|
|a 9789671826089 (
|q (paperback))
|
| 040 |
|
|
|e rda
|
| 041 |
|
|
|a Malay
|
| 090 |
0 |
0 |
|a 297.57083
|b HAM
|
| 100 |
1 |
|
|a Hamka ,
|d 1908-1981 ,
|e (author)
|
| 245 |
1 |
0 |
|a Dari Lembah Cita-cita :
|b Pedoman Perjuagan Anak Muda
|c Hamka
|
| 264 |
|
1 |
|a Bandar Baru Bangi, Selangor :
|b JT Publishing House Sdn Bhd
|c 2022
|
| 300 |
|
|
|a 95 pages ;
|c 20 cm.
|
| 336 |
|
|
|a text
|2 rdacontent
|
| 337 |
|
|
|a unmediated
|2 rdamedia
|
| 338 |
|
|
|a volume
|2 rdacarrier
|
| 541 |
|
|
|c Purchased on 2023
|f 5624 FCC
|h RM25.00
|
| 650 |
|
0 |
|a Hamka
|d 1908-1981
|
| 650 |
|
0 |
|a Muslims youth
|x Conduct of life
|
| 650 |
|
0 |
|a Muslims youth
|x Religious life
|
| 700 |
1 |
|
|a Fakhri Fadzli ,
|e (editor)
|
| 700 |
1 |
|
|a Saadiah Ali ,
|e (editor)
|
| 730 |
0 |
|
|a Title
|
| 999 |
|
|
|a 0001728801
|b Book
|c Adult Collection
|e Cawangan AEON Kulaijaya
|
| 999 |
|
|
|a 0001728802
|b Book
|c Adult Collection
|e Cawangan Urban Transformation Centre
|
| 999 |
|
|
|a 0001728803
|b Book
|c Adult Collection
|e Perbadanan Perpustakaan Awam Johor
|
| 999 |
|
|
|a 0001728804
|b Book
|c Adult Collection
|e Cawangan Taman Sri Lambak
|
| 999 |
|
|
|a 0001728805
|b Book
|c Adult Collection
|e Cawangan Sri Merlong
|
| 999 |
|
|
|a 0001728806
|b Book
|c Adult Collection
|e Cawangan Segamat
|
| 999 |
|
|
|a 0001728807
|b Book
|c Adult Collection
|e Cawangan Pontian
|
| 999 |
|
|
|a 0001728808
|b Book
|c Adult Collection
|e Cawangan Tmn. Ungku Tun Aminah
|
| 999 |
|
|
|a 0001728809
|b Book
|c Adult Collection
|e Cawangan Bandar Tenggara
|
| 999 |
|
|
|a 0001728810
|b Book
|c Adult Collection
|e Cawangan Kota Tinggi
|
| 999 |
|
|
|a 0001728811
|b Book
|c Adult Collection
|e Cawangan Bukit Gambir
|
| 999 |
|
|
|a 0001728812
|b Book
|c Adult Collection
|e Cawangan Batu Pahat
|
| 999 |
|
|
|a 0001728813
|b Book
|c Adult Collection
|e Cawangan Tangkak
|
| 999 |
|
|
|a 0001728814
|b Book
|c Adult Collection
|e Cawangan Mersing
|
| 999 |
|
|
|a 0001728815
|b Book
|c Adult Collection
|e Cawangan Bandar Penawar
|
| 999 |
|
|
|a 0001728816
|b Book
|c Adult Collection
|e Cawangan Muar
|